Регионална библиотека "Любен Каравелов" - Русе

Посетителят (Запис номер 63743)

MARC детайли
000 -Лидер
Контролно поле с фиксирана дължина 01129nam a2200313 c 4500
003 - Код на организацията, давaща контролен номер
Контролно поле BLK
005 - Дата и час на последна редакция
Контролно поле 20180420223229.0
008 - Елементи от данни с фиксирана дължина
fixed length control field 180408b bul|||||r ||||||| ||bul||
010 ## - Наследен системен номер
LC control number KNG00068002000
020 ## - Международен стандартен номер на книга ISBN
Международен стандартен номер на книга ISBN 954-706-144-5
-- издат.: Коломбина прес
040 ## - Източник на каталожния запис
Идентификатор на билиотеката - собственик на записа BLK
041 ## - Код за език
Код за езика на текст/звукозапис или на отделно заглавие Български
Код за езика КДБФ Български
080 ## - УДК
Текстов определител УДК Американска литература (на САЩ)
УДК код - определител по УДК 821.111(73)
УДК определител -31
УДК - код + определител 821.111(73)-31
100 1# - Редна дума - Автор
Автор Райън, Джена
Авторска отговорност първи автор
R(LIN) 291599
139 ## - Редно поле
Редна дума Райън, Джена
Авторски знак Раич - Р 29
245 10 - Сведения за заглавието
Заглавие Посетителят
Редно поле (дума) Джена Райън; прев. от англ. Теофана Гошева.
257 ## - Страна на издаване
Страна на създаване/издаване Съединени американски щати
260 ## - Област на издателските данни
-- София
Име на издателя, разпространителя и проч. Коломбина прес
Година на издаване 2006
Печатница София : Инвест прес
300 ## - Физическа характеристика
Страници 191 с.
Размери/Мащаб 20 см
380 ## - Жанр
Жанр Худож. лит.
490 1# - СЕРИИ (Колекции)
Име на серия Mira
№: серия 68
500 ## - Общи забележки
Забележка Ориг. загл. The visitor / Jenna Ryan
700 1# - Други автори (авторска отговорност)
Лично име Гошева, Теофана
Автороска отговорност (Описва отношението между автора и произведението) прев. от англ.
9 (RLIN) 271115
852 ## - Местоположение
Форматна сигнатура Цб 229105
856 4# - Електронен адрес и достъп
Електронен формат pdf - файл
Път до файла /url/
856 4# - Електронен адрес и достъп
Електронен формат pdf - файл
Път до файла /url/
942 ## - АРТИКУЛИ
Вид на библиотечния материал Книги
Скрит в OPAC Не
944 ## - СЪЗДАВАНЕ И РЕДАКЦИЯ на ЗАПИСА
Създаване/Редакция Създаване
Дата на регистрацията/редакция 19.09.2006
Служител, извършил регистрацията/редакцията Геновева_Генчева
944 ## - СЪЗДАВАНЕ И РЕДАКЦИЯ на ЗАПИСА
Създаване/Редакция Редакция
Дата на регистрацията/редакция 24.08.2007
Служител, извършил регистрацията/редакцията
999 ## - СИСТЕМНИ КОНТРОЛНИ НОМЕРА
Koha biblionumber 63743
Koha biblioitemnumber 63743
Наличности
Код за отписване Код за изгубен артикул Източник на класификационната схема Код за повреда Коз за рестрикции Код за отдаване Артикулен № Име на библиотеката - собственик Име на библиотеката, в която се намира в момента Статус (Текущо местоположение) Дата на вписване в системата Местоположение - отдел Цена в лева Инвентарен номер Систематично азбучна сигнатура Баркод Номер на екземпляра Цена в евро Служебна бележка Служебен тип на артикула
Изтеглен Не е изгубен Universal Decimal Classification Не е повреден без рестрикции заемане за дома 105649 Регионална библиотека "Любен Каравелов" Русе Регионална библиотека "Любен Каравелов" Русе Заемна - подръчен фонд 2006-09-19 Заемна - подръчен фонд 7.00 120000705170 П 820(73)-31/Р 29 120000705170 1 3.58 Дост: Pk Вид: Ф N: 14 Дата: 05.09.2006 Книги
  Не е изгубен   Не е повреден без рестрикции ползва се в читалня 105650 Регионална библиотека "Любен Каравелов" Русе Регионална библиотека "Любен Каравелов" Русе Хранилище 2007-08-08 Хранилище 7.00 120000716362 Цб 229105 120000716362 2 3.58 Дост: Dp Вид: Д N: 13 Дата: 08.03.2007 Книги
Vip Innovations Ltd, Rousse, Bulgaria 2025